| 000 | 00644nam a2200205Ia 4500 | ||
|---|---|---|---|
| 005 | 20220527141418.0 | ||
| 008 | 210716s2007 xx 000 0 und d | ||
| 020 | _a9780749451684 | ||
| 040 | _cAIMIT LIBRARY | ||
| 041 | _aeng | ||
| 082 |
_a658.827 _21 _bFLOK |
||
| 100 |
_aFloor, Ko. _939286 |
||
| 245 |
_aBranding a store : _bhow to build successful retail brands in a changing market place / _cBy Ko Floor. |
||
| 250 | _a1st ed. | ||
| 260 |
_aNew Delhi : _bKogan Page , _c2007 . |
||
| 300 | _a360p. ; | ||
| 650 |
_aRetail brand communications _939287 |
||
| 650 |
_aRetail brand positioning _939288 |
||
| 942 |
_2ddc _cBK _e1st _k658.827 FLOK |
||
| 999 |
_c206655 _d206655 |
||